Figure out the lyrics (One Direction) Quiz Stats

 Plays Quiz not verified by Sporcle

Score 0/291 Timer 10:00
0 Plays Today
% Correct
you
95.9%
you
95.9%
you
95.9%
you
95.9%
You
95.9%
you
95.9%
You
95.9%
you
95.9%
You
95.9%
you
95.9%
you
95.9%
you
95.9%
you
95.9%
you
95.9%
you
95.9%
you
95.9%
you
95.9%
you
95.9%
you
95.9%
you
95.9%
you
95.9%
And
92.9%
the
92.9%
the
92.9%
And
92.9%
The
92.9%
The
92.9%
the
92.9%
And
92.9%
a
92.9%
the
92.9%
And
92.9%
the
92.9%
The
92.9%
And
92.9%
And
92.9%
And
92.9%
And
92.9%
And
92.9%
me
86.3%
me
86.3%
me
86.3%
me
86.3%
be
85.3%
in
84.3%
in
84.3%
in
84.3%
in
84.3%
in
84.3%
in
84.3%
in
84.3%
love
83.8%
love
83.8%
love
83.8%
love
83.8%
love
83.8%
love
83.8%
love
83.8%
love
83.8%
Your
83.6%
your
83.6%
your
83.6%
Your
83.6%
your
83.6%
your
83.6%
your
83.6%
your
83.6%
your
83.6%
your
83.6%
to
82.3%
to
82.3%
to
82.3%
to
82.3%
to
82.3%
To
82.3%
to
82.3%
to
82.3%
to
82.3%
to
82.3%
to
82.3%
It
82.1%
on
82.1%
it
82.1%
it
82.1%
on
82.1%
do
80%
I'm
77.6%
I'm
77.6%
I'm
77.6%
I'm
77.6%
I'm
77.6%
for
77.4%
for
77.4%
with
77.3%
with
77.3%
with
77.3%
with
77.3%
% Correct
all
76.9%
all
76.9%
all
76.9%
all
76.9%
all
76.9%
of
76.8%
of
76.8%
of
76.8%
of
76.8%
of
76.8%
of
76.8%
Like
76.7%
like
76.7%
my
75.7%
go
75.7%
my
75.7%
my
75.7%
it's
75.6%
It's
75.6%
it's
75.6%
it's
75.6%
It's
75.6%
It's
75.6%
it's
75.6%
it's
75.6%
It's
75.6%
But
74.7%
But
74.7%
But
74.7%
But
74.7%
But
74.7%
but
74.7%
know
74.5%
know
74.5%
know
74.5%
know
74.5%
I
74.1%
I
74.1%
I
74.1%
I
74.1%
I
74.1%
I
74.1%
I
74.1%
I
74.1%
I
74.1%
I
74.1%
little
73.8%
little
73.8%
little
73.8%
little
73.8%
little
73.8%
little
73.8%
that
73.7%
that
73.7%
up
73.5%
up
73.5%
up
73.5%
up
73.5%
just
73.4%
just
73.4%
things
73.4%
things
73.4%
things
73.4%
things
73.4%
things
73.4%
things
73.4%
you're
72.5%
no
71.7%
mine
71.7%
makes
71%
makes
71%
this
71%
these
71%
these
71%
these
71%
these
71%
these
71%
these
71%
these
71%
hand
70.8%
made
70.8%
they
70.6%
they
70.6%
they
70.6%
can't
70.5%
never
70.2%
never
70.2%
never
70.2%
never
70.2%
never
70.2%
never
70.2%
fits
69.9%
out
69.8%
out
69.8%
out
69.8%
if
69.6%
if
69.6%
% Correct
If
69.6%
want
69.4%
want
69.4%
was
69.3%
sense
69.1%
sense
69.1%
let
68.4%
let
68.4%
let
68.4%
let
68.4%
meant
68%
tea
67.8%
mind
67.7%
When
67.7%
Oh
67%
oh
67%
Oh
67%
cup
66.8%
are
66.8%
without
66.7%
bed
66.1%
maybe
66.1%
Maybe
66.1%
sleep
65.8%
how
65.8%
that's
65.6%
back
65.5%
won't
65.4%
won't
65.4%
slip
65.1%
slip
65.1%
slip
65.1%
loved
65%
loved
65%
add
65%
loved
65%
add
65%
add
65%
mouth
64.9%
mouth
64.9%
mouth
64.9%
talk
64.7%
you've
64.5%
You've
64.5%
at
64.5%
you've
64.5%
much
64.5%
much
64.5%
freckles
64.4%
eyes
64.2%
cheeks
63.8%
perfect
63.8%
reason
63.6%
dots
63.4%
smile
63.4%
by
63.1%
I'll
63.1%
them
63%
joining
62.8%
dimples
62.4%
keep
62.3%
jeans
62.3%
as
62.3%
as
62.3%
bear
62.1%
into
61.9%
You'll
61.4%
You'll
61.4%
you'll
61.4%
or
61.3%
spine
61.3%
bottom
60.9%
voice
60.9%
sound
60.2%
tape
60.2%
weigh
60.1%
endlessly
60%
secrets
60%
conversations
59.9%
yourself
59.9%
yourself
59.9%
yourself
59.9%
still
59.5%
have
59.5%
squeeze
59.3%
stomach
58.8%
here
57.9%
thighs
57.2%
I've
56.7%
right
56.4%
crinkles
56.4%
true
55.4%
treat
55.4%
darling
55.4%
half
55.4%
Though
52.7%
'Cause
49.7%

You're not logged in!

Compare scores with friends on all Sporcle quizzes.
OR
Log In

You Might Also Like...

Show Comments

Extras

Top Quizzes Today


Score Distribution

Your Account Isn't Verified!

In order to create a playlist on Sporcle, you need to verify the email address you used during registration. Go to your Sporcle Settings to finish the process.

Report this User

Report this user for behavior that violates our Community Guidelines.

Details: